[Event "SR 1. liga zapad 2015/2016"]
[Site "?"]
[Date "2015.10.24"]
[Round "1.3"]
[White "Pupak, Tomas"]
[Black "Huba, Martin"]
[Result "1/2-1/2"]
[WhiteElo "2034"]
[BlackElo "2165"]
[PlyCount "124"]
[EventDate "2015.??.??"]

1. Nf3 Nf6 2. g3 d5 3. c4 d4 4. d3 c5 5. Bg2 Nc6 6. O-O e5 7. Na3 Bg4 8. Nc2
Qd7 9. a3 Bh3 10. b4 Bxg2 11. Kxg2 Qc7 12. bxc5 Bxc5 13. Rb1 O-O 14. Bg5 Nd7
15. Nb4 h6 16. Nd5 Qc8 17. Bd2 Bxa3 18. Qb3 Bc5 19. Qxb7 Nb6 20. Qxc8 Rfxc8 21.
Rb5 Nd7 22. Rfb1 Rab8 23. Rb7 Nb6 24. Rxb8 Rxb8 25. Rb5 Nd7 26. Rxb8+ Ndxb8 27.
Ne1 a5 28. Nc2 Na6 29. Kf1 a4 30. Ke1 a3 31. Kd1 a2 32. Na1 Ba3 33. Kc2 Nc5 34.
Bc1 Nb4+ 35. Nxb4 Bxb4 36. Kb2 Be1 37. f3 Na4+ 38. Kxa2 Nc3+ 39. Kb3 Nxe2 40.
Ba3 f6 41. c5 Kf7 42. Kc4 Ba5 43. Nb3 Bc7 44. Kd5 Ke8 45. Ke6 Ng1 46. Nd2 Ba5
47. Nc4 Bc7 48. Nd6+ Kd8 49. f4 exf4 50. gxf4 Ne2 51. Kf5 Kd7 52. h4 g5 53.
fxg5 fxg5 54. hxg5 hxg5 55. Kxg5 Bxd6 56. cxd6 Ke6 57. Kg4 Nc3 58. Kf4 Nb5 59.
Bc5 Nxd6 60. Bxd6 Kxd6 61. Ke4 Ke6 62. Kxd4 Kd6 1/2-1/2

[Event "SR 1. liga zapad 2015/2016"]
[Site "?"]
[Date "2015.10.24"]
[Round "1.3"]
[White "Detko, Jan"]
[Black "Podoba, Milan"]
[Result "1-0"]
[WhiteElo "2139"]
[BlackElo "2100"]
[PlyCount "69"]
[EventDate "2015.??.??"]

1. e4 e6 2. d4 d5 3. Nc3 Nf6 4. e5 Nfd7 5. f4 c5 6. Nf3 Nc6 7. Be3 Be7 8. Qd2
O-O 9. dxc5 Bxc5 10. O-O-O Qa5 11. a3 a6 12. Kb1 Bxe3 13. Qxe3 b5 14. Bd3 g6
15. h4 b4 16. axb4 Qxb4 17. Na2 Qc5 18. Qe1 Qe7 19. h5 Nc5 20. Ng5 Nxd3 21.
Rxd3 f6 22. hxg6 fxg5 23. Rxh7 Qe8 24. Qh1 Qxg6 25. Rdh3 Ra7 26. Rh8+ Kf7 27.
Rxf8+ Kxf8 28. Rh8+ Ke7 29. Rxc8 Kd7 30. Qh8 Rc7 31. Rg8 Qe4 32. Ra8 Qg6 33.
Qf8 Nxe5 34. Qd8+ Kc6 35. fxe5 1-0

[Event "SR 1. liga zapad 2015/2016"]
[Site "?"]
[Date "2015.10.24"]
[Round "1.3"]
[White "Bombek, Peter"]
[Black "Reisel, Frantisek"]
[Result "0-1"]
[WhiteElo "2157"]
[BlackElo "2060"]
[PlyCount "82"]
[EventDate "2015.??.??"]

1. d4 d5 2. c4 c6 3. Nf3 Nf6 4. e3 g6 5. Nc3 Bg7 6. Bd3 O-O 7. O-O b6 8. Bd2
Bb7 9. Rc1 Nbd7 10. cxd5 cxd5 11. Nb5 Ne8 12. Qb3 a6 13. Nc3 Nef6 14. a4 e6 15.
Rfd1 Rc8 16. Na2 Ne4 17. Bb4 Re8 18. Ba3 Qf6 19. Nb4 a5 20. Na6 Rxc1 21. Rxc1
Rc8 22. Rxc8+ Bxc8 23. Qc2 Qd8 24. Qc7 Qxc7 25. Nxc7 Bb7 26. Bb5 Nb8 27. Ne5
Bf8 28. Be8 Nd6 29. Bxd6 Bxd6 30. Nb5 Bxe5 31. dxe5 Bc6 32. Nd6 Bxe8 33. Nxe8
Nd7 34. f4 Nc5 35. Nf6+ Kg7 36. b3 h6 37. Ne8+ Kf8 38. Nd6 Nxb3 39. Nc8 b5 40.
axb5 a4 41. b6 Nc5 0-1

[Event "SR 1. liga zapad 2015/2016"]
[Site "?"]
[Date "2015.10.24"]
[Round "1.3"]
[White "Kurtulik, Andrej"]
[Black "Kutny, Marian Ml"]
[Result "1/2-1/2"]
[WhiteElo "1868"]
[BlackElo "1980"]
[PlyCount "92"]
[EventDate "2015.??.??"]

1. e4 c5 2. Nf3 Nc6 3. d4 cxd4 4. Nxd4 e5 5. Nb5 a6 6. Nd6+ Bxd6 7. Qxd6 Qe7 8.
Qxe7+ Ngxe7 9. Bd3 Nb4 10. O-O Nxd3 11. cxd3 O-O 12. Nc3 b5 13. Be3 Bb7 14. Bc5
Rfe8 15. Bxe7 Rxe7 16. Rac1 Ree8 17. a3 Rac8 18. Rfd1 Red8 19. d4 d6 20. f3 Kf8
21. Kf2 Ke7 22. Ke3 g6 23. g4 f6 24. Ne2 Rxc1 25. Rxc1 Rc8 26. Rxc8 Bxc8 27.
Ng3 Be6 28. h4 d5 29. exd5 Bxd5 30. f4 Kd6 31. f5 a5 32. fxg6 hxg6 33. h5 gxh5
34. gxh5 Ke6 35. h6 Kf7 36. h7 Kg7 37. Nh5+ Kh8 38. Nxf6 exd4+ 39. Kxd4 Bg2 40.
Kc5 Bf1 41. b3 Be2 42. Kb6 b4 43. axb4 axb4 44. Kc5 Bd1 45. Kxb4 Bxb3 46. Kxb3
Kg7 1/2-1/2

[Event "SR 1. liga zapad 2015/2016"]
[Site "?"]
[Date "2015.10.24"]
[Round "1.3"]
[White "Orgon, Dusan"]
[Black "Hoppan, Igor Ml"]
[Result "1-0"]
[WhiteElo "2028"]
[BlackElo "1587"]
[PlyCount "53"]
[EventDate "2015.??.??"]

1. d4 Nf6 2. Nf3 d5 3. Bg5 Nc6 4. e3 e6 5. c4 Bb4+ 6. Nc3 O-O 7. Qc2 h6 8. Bh4
Be7 9. a3 dxc4 10. Bxc4 Nd5 11. Bg3 b6 12. Nxd5 exd5 13. Bb5 Nxd4 14. exd4 Bd6
15. O-O Qf6 16. Bxd6 Qxd6 17. Qc6 Rb8 18. Qxd6 cxd6 19. Rac1 Bg4 20. Bc6 Be6
21. Rc3 Rbc8 22. Rfc1 Kh7 23. h3 f6 24. Ba4 Rc4 25. Bb3 Rxc3 26. Rxc3 Rf7 27.
Re3 1-0

[Event "SR 1. liga zapad 2015/2016"]
[Site "?"]
[Date "2015.10.24"]
[Round "1.4"]
[White "Sipos, Istvan"]
[Black "Motuz, Karol"]
[Result "1/2-1/2"]
[WhiteElo "2492"]
[BlackElo "2343"]
[PlyCount "84"]
[EventDate "2015.??.??"]

1. c4 e6 2. g3 d5 3. Bg2 Nf6 4. Nf3 Be7 5. O-O O-O 6. d4 dxc4 7. Ne5 Nc6 8.
Nxc6 bxc6 9. Na3 Bxa3 10. bxa3 Nd5 11. Qc2 Nb6 12. a4 Rb8 13. Ba3 Re8 14. a5
Nd5 15. Qxc4 Rb5 16. e4 Rxa5 17. Qc1 Nb6 18. Rd1 Ba6 19. Qc3 Ra4 20. Bb4 Bb5
21. a3 Qa8 22. Qf3 a5 23. Bc3 Qd8 24. h4 Qe7 25. Bb2 Rc4 26. Bf1 Ra4 27. Bh3
Rc4 28. Rac1 Rd8 29. Bf1 Rxc1 30. Rxc1 h6 31. Qb3 Qd7 32. Ba1 a4 33. Qc3 Bxf1
34. Kxf1 f5 35. exf5 exf5 36. Qxc6 Qxc6 37. Rxc6 Nd5 38. Rc5 Kf7 39. Ke2 Ke6
40. Bb2 Rb8 41. Bc1 Kd6 42. Kd2 Rb3 1/2-1/2

[Event "SR 1. liga zapad 2015/2016"]
[Site "?"]
[Date "2015.10.24"]
[Round "1.4"]
[White "Obona, Jan"]
[Black "Berczes, Csaba"]
[Result "0-1"]
[WhiteElo "2215"]
[BlackElo "2361"]
[PlyCount "66"]
[EventDate "2015.??.??"]

1. Nf3 Nf6 2. c4 e6 3. g3 b6 4. Bg2 Bb7 5. Nc3 c5 6. O-O Be7 7. d3 O-O 8. Bd2
d5 9. cxd5 exd5 10. d4 Na6 11. Rc1 Nc7 12. Bg5 c4 13. a4 a6 14. Bxf6 Bxf6 15.
e4 dxe4 16. Ne5 Bg5 17. Rc2 f5 18. Nxc4 b5 19. Nb6 Rb8 20. a5 Qd6 21. Qb1 Ne6
22. Ne2 Bd8 23. Rd1 Bxb6 24. axb6 Bd5 25. b4 Rxb6 26. Rc5 Bc4 27. Nf4 Nxf4 28.
gxf4 Qxf4 29. Qc1 Qxc1 30. Rxc1 Rd6 31. Bf1 Rxd4 32. Bxc4+ Rxc4 33. R1xc4 bxc4
0-1

[Event "SR 1. liga zapad 2015/2016"]
[Site "?"]
[Date "2015.10.24"]
[Round "1.4"]
[White "Farkas, Gabor"]
[Black "Kukucka, Matej"]
[Result "1-0"]
[WhiteElo "2348"]
[BlackElo "2117"]
[PlyCount "29"]
[EventDate "2015.??.??"]

1. d4 d5 2. c4 e6 3. Nf3 c6 4. e3 Nf6 5. b3 Bb4+ 6. Nbd2 Ne4 7. a3 Bd6 8. Nxe4
dxe4 9. Nd2 f5 10. c5 Bc7 11. Qh5+ g6 12. Qh6 Kf7 13. Bb2 Nd7 14. d5 exd5 15.
Qg7+ 1-0

[Event "SR 1. liga zapad 2015/2016"]
[Site "?"]
[Date "2015.10.24"]
[Round "1.4"]
[White "Chovanec, Milan"]
[Black "Janko, Michal"]
[Result "1/2-1/2"]
[WhiteElo "2129"]
[BlackElo "2258"]
[PlyCount "56"]
[EventDate "2015.??.??"]

1. e4 c6 2. Nc3 d5 3. Nf3 Bg4 4. h3 Bxf3 5. Qxf3 e6 6. d4 Nf6 7. exd5 cxd5 8.
Bb5+ Nc6 9. O-O Qb6 10. Be3 Be7 11. Rab1 O-O 12. Rfd1 Rac8 13. Bd3 Nb4 14. Qe2
a6 15. a3 Nxd3 16. Qxd3 Qc6 17. Bg5 b5 18. Rdc1 h6 19. Bxf6 Bxf6 20. Ne2 a5 21.
c3 Rc7 22. b4 Ra8 23. g3 Bg5 24. Rc2 axb4 25. Rxb4 Rxa3 26. Rxb5 Rc8 27. Rcb2
Qa6 28. Qc2 Ra4 1/2-1/2

[Event "SR 1. liga zapad 2015/2016"]
[Site "?"]
[Date "2015.10.24"]
[Round "1.4"]
[White "Janko, Ladislav"]
[Black "Mikusik, Marian"]
[Result "1-0"]
[WhiteElo "2166"]
[BlackElo "2076"]
[PlyCount "31"]
[EventDate "2015.??.??"]

1. e4 d6 2. d4 Nd7 3. Bd3 c5 4. c3 Qc7 5. Nf3 Ngf6 6. O-O a6 7. Re1 e6 8. a4 b6
9. Nbd2 h6 10. e5 Nd5 11. Be4 Bb7 12. Nc4 cxd4 13. Nxd6+ Bxd6 14. exd6 Qxd6 15.
Qxd4 O-O-O 16. c4 1-0

[Event "SR 1. liga zapad 2015/2016"]
[Site "?"]
[Date "2015.10.24"]
[Round "1.4"]
[White "Capak, Stefan"]
[Black "Balogh, Peter"]
[Result "1/2-1/2"]
[WhiteElo "2034"]
[BlackElo "2178"]
[PlyCount "49"]
[EventDate "2015.??.??"]

1. d4 Nf6 2. Nf3 e6 3. Bg5 c5 4. e3 Be7 5. Bd3 d5 6. c3 Nc6 7. Nbd2 h6 8. Bh4
O-O 9. O-O b6 10. Qe2 cxd4 11. exd4 Nd7 12. Bg3 Re8 13. Rfe1 Nf8 14. Ne5 Nxe5
15. Bxe5 f6 16. Bg3 Bd6 17. Bxd6 Qxd6 18. Nf3 Bb7 19. Rad1 Rac8 20. Nh4 Qf4 21.
g3 Qc7 22. f4 g5 23. Ng2 Qg7 24. Qf3 Rc7 25. fxg5 1/2-1/2

[Event "SR 1. liga zapad 2015/2016"]
[Site "?"]
[Date "2015.10.24"]
[Round "1.4"]
[White "Takacs, Laszlo"]
[Black "Belak, Stefan"]
[Result "1-0"]
[WhiteElo "2147"]
[BlackElo "1963"]
[PlyCount "157"]
[EventDate "2015.??.??"]

1. e4 e6 2. d4 d5 3. Nc3 Bb4 4. e5 c5 5. Qg4 Kf8 6. Nf3 Nc6 7. Qf4 Nge7 8. a3
Ng6 9. Qd2 Ba5 10. b4 cxb4 11. axb4 Bxb4 12. Ba3 Qe7 13. Bxb4 Qxb4 14. h4 Nge7
15. Rb1 Qa5 16. Bd3 a6 17. O-O h6 18. Ra1 Qc7 19. Nb5 Qb8 20. Nd6 b5 21. Qf4
Nd8 22. Rfb1 Bd7 23. h5 Nc8 24. Bg6 Nxd6 25. exd6 f6 26. Bd3 Nf7 27. Nh4 Qxd6
28. Ng6+ Kg8 29. Qe3 f5 30. Nxh8 Kxh8 31. Bxb5 Bxb5 32. Rxb5 Qc6 33. Rb2 Ng5
34. Qd3 Qe8 35. Qe2 a5 36. Rb7 Ne4 37. Qf3 Qc6 38. Rb2 Qc4 39. Qd3 Qc8 40. Rb6
Qe8 41. Qe3 a4 42. Qf3 a3 43. Rxa3 Rxa3 44. Qxa3 Qxh5 45. Qf3 Qg6 46. g3 Ng5
47. Qxd5 Qh5 48. Qa8+ Kh7 49. Rb3 f4 50. gxf4 Qg4+ 51. Rg3 Qxf4 52. Qb7 Qc1+
53. Kg2 Qxc2 54. Re3 Qd1 55. Qb3 Qg4+ 56. Rg3 Qxd4 57. Qd3+ Qxd3 58. Rxd3 e5
59. Rd6 e4 60. Rc6 Kg8 61. Kg3 Kf7 62. Kg4 g6 63. Kf4 Ne6+ 64. Kxe4 Ng7 65. Ke5
Nh5 66. Rc7+ Kg8 67. Ke6 Nf4+ 68. Kd6 Nh5 69. Ra7 Nf4 70. f3 Nh5 71. Ke6 Kf8
72. Rh7 Kg8 73. Ra7 Kf8 74. Ra1 Kg7 75. Rg1 Nf6 76. f4 Nh5 77. f5 g5 78. Rd1
Nf6 79. Ra1 1-0

[Event "SR 1. liga zapad 2015/2016"]
[Site "?"]
[Date "2015.10.24"]
[Round "1.4"]
[White "Gombar, Peter"]
[Black "Bott, Tamas"]
[Result "1-0"]
[WhiteElo "1975"]
[BlackElo "1737"]
[PlyCount "57"]
[EventDate "2015.??.??"]

1. e4 e5 2. Nf3 Nc6 3. Bb5 Bc5 4. c3 Nge7 5. O-O O-O 6. d4 exd4 7. cxd4 Bb6 8.
d5 Nb8 9. Nc3 d6 10. h3 f5 11. e5 f4 12. Bc4 Ng6 13. e6 Qe7 14. Qe2 c6 15. b4
Kh8 16. Bb2 Bc7 17. Rad1 Ne5 18. Bb3 b6 19. dxc6 Bxe6 20. Bxe6 Qxe6 21. Nd5
Nxf3+ 22. Qxf3 Rf7 23. Nxc7 Rxc7 24. Rfe1 Qf7 25. Rxd6 Na6 26. Red1 h6 27. Rd8+
Rxd8 28. Rxd8+ Kh7 29. Qd3+ 1-0

[Event "SR 1. liga zapad 2015/2016"]
[Site "?"]
[Date "2015.10.24"]
[Round "1.5"]
[White "Smolen, Jan"]
[Black "Lanc, Alois"]
[Result "1-0"]
[WhiteElo "2437"]
[BlackElo "2284"]
[PlyCount "85"]
[EventDate "2015.??.??"]

1. e4 e5 2. Nc3 Nc6 3. Bc4 Nf6 4. d3 Na5 5. Bb3 Nxb3 6. axb3 d6 7. f4 exf4 8.
Bxf4 Be7 9. Nf3 c6 10. O-O O-O 11. Qe1 d5 12. e5 Nh5 13. Be3 a6 14. Na4 Bg4 15.
h3 Bxf3 16. Rxf3 d4 17. Bd2 g6 18. Ba5 Qe8 19. Nb6 Rb8 20. Qe4 Ng7 21. Qxd4 Ne6
22. Qd7 Ng5 23. Rf4 Bc5+ 24. d4 Qxe5 25. Qg4 h5 26. Qh4 Qe3+ 27. Qf2 Qxf2+ 28.
Kxf2 Ne6 29. dxc5 Nxf4 30. Nd7 Rbe8 31. Nf6+ Kg7 32. Bc3 Kh6 33. Nxe8 Rxe8 34.
Rd1 Ne6 35. b4 g5 36. Rd7 Kg6 37. Rxb7 Nf4 38. Rb6 Re6 39. Rxa6 Kf5 40. b5 Re2+
41. Kf1 g4 42. hxg4+ Kxg4 43. Ra4 1-0

[Event "SR 1. liga zapad 2015/2016"]
[Site "?"]
[Date "2015.10.24"]
[Round "1.5"]
[White "Bango, Lukas"]
[Black "Schwarz, Dusan"]
[Result "1/2-1/2"]
[WhiteElo "2078"]
[BlackElo "2315"]
[PlyCount "95"]
[EventDate "2015.??.??"]

1. e4 c5 2. c3 Nf6 3. e5 Nd5 4. d4 cxd4 5. Nf3 e6 6. cxd4 b6 7. Nc3 Nxc3 8.
bxc3 Qc7 9. Bb2 Nc6 10. Bd3 Be7 11. O-O Na5 12. Nd2 Bb7 13. Rc1 d5 14. f4 g6
15. Qe2 O-O 16. h3 Rac8 17. Bb1 Nc4 18. Nxc4 Ba6 19. Qe3 Bxc4 20. Rf2 b5 21. g4
Qd8 22. Qf3 Rc6 23. f5 Bh4 24. Rg2 Kh8 25. Ba3 Rg8 26. Bd6 a5 27. Kh2 Rxd6 28.
exd6 Qxd6+ 29. Kh1 exf5 30. gxf5 Re8 31. Rcg1 Qf6 32. Qf4 g5 33. Qf3 b4 34. Bd3
Rc8 35. Bxc4 Rxc4 36. Rc2 bxc3 37. Qxd5 Rxd4 38. Qc5 Kg7 39. Qxc3 Qe5 40. Rg4
Rd5 41. Qxe5+ Rxe5 42. Rgc4 Rxf5 43. Rc5 Rf3 44. R2c3 Rf1+ 45. Kg2 Rf2+ 46. Kg1
Rxa2 47. Rf3 Ra1+ 48. Kg2 1/2-1/2

[Event "SR 1. liga zapad 2015/2016"]
[Site "?"]
[Date "2015.10.24"]
[Round "1.5"]
[White "Macko, Peter"]
[Black "Puskar, Peter"]
[Result "1/2-1/2"]
[WhiteElo "2156"]
[BlackElo "2084"]
[PlyCount "112"]
[EventDate "2015.??.??"]

1. e4 c5 2. Nc3 Nc6 3. f4 g6 4. Nf3 Bg7 5. Bc4 e6 6. f5 Nge7 7. fxe6 fxe6 8. d3
O-O 9. O-O Nd4 10. Nxd4 cxd4 11. Ne2 d5 12. exd5 Nxd5 13. Nf4 Nxf4 14. Bxf4 b5
15. Bxb5 e5 16. Bc4+ Kh8 17. Bg3 Bb7 18. Rxf8+ Qxf8 19. Qe2 Re8 20. Rf1 Qc5 21.
Rf7 Bc6 22. Kh1 a5 23. Qf1 Bd5 24. Bxd5 Qxd5 25. b3 e4 26. dxe4 Rxe4 27. h3 h5
28. Qf2 Re3 29. Kh2 Rxg3 30. Rf8+ Bxf8 31. Qxf8+ Kh7 32. Kxg3 Qe5+ 33. Qf4 Qc5
34. Qe4 Qc7+ 35. Kf2 Qc3 36. Qd3 Qc5 37. Kg1 Qe5 38. Qd2 h4 39. Qf2 g5 40. Qf7+
Kh6 41. Qf2 Kg6 42. Qd2 Kg7 43. a3 Kf6 44. b4 axb4 45. axb4 Ke6 46. Kf2 Kd6 47.
Kf1 Kc6 48. Qe2 Qb5 49. Qxb5+ Kxb5 50. Ke2 Kxb4 51. Kd3 Kc5 52. c3 dxc3 53.
Kxc3 Kd5 54. Kd3 Ke5 55. Ke3 Kf5 56. Kf3 Kf6 1/2-1/2

[Event "SR 1. liga zapad 2015/2016"]
[Site "?"]
[Date "2015.10.24"]
[Round "1.5"]
[White "Szitkey, Milan"]
[Black "Lintner, Igor Ml"]
[Result "0-1"]
[WhiteElo "2109"]
[BlackElo "1998"]
[PlyCount "154"]
[EventDate "2015.??.??"]

1. e4 e6 2. d4 c5 3. c3 d5 4. exd5 Qxd5 5. Nf3 Nf6 6. Nbd2 Nc6 7. Bc4 Qd8 8.
Nb3 cxd4 9. Nbxd4 Nxd4 10. Nxd4 Qc7 11. Qe2 a6 12. Bg5 Be7 13. O-O O-O 14. Rfe1
Re8 15. Bd3 Bd7 16. Qc2 Ng4 17. Nf3 Bxg5 18. h3 g6 19. hxg4 Bf6 20. g5 Bg7 21.
Re3 e5 22. Rae1 Bc6 23. Be4 Bxe4 24. Qxe4 Re6 25. Qh4 Rae8 26. Nh2 f5 27. gxf6
Bxf6 28. Qb4 Kg7 29. Ng4 Qe7 30. Qe4 h5 31. Nxf6 Kxf6 32. f4 Kg7 33. fxe5 b5
34. Rg3 Kh7 35. Ree3 Qf6 36. Qb7+ Qg7 37. Qxg7+ Kxg7 38. Rg5 Kh6 39. Reg3 Rd8
40. Kh2 Rd2 41. Kh3 Rxb2 42. Kh4 Rxa2 43. Rd3 Ra4+ 44. g4 Re4 45. Rd6 R4xe5 46.
Rxe5 Rxe5 47. gxh5 Rxh5+ 48. Kg4 a5 49. Ra6 a4 50. Rc6 Rg5+ 51. Kh4 Re5 52. Kg3
Kg5 53. Kf3 Kf5 54. c4 b4 55. Ra6 a3 56. Ra4 g5 57. Rxb4 Ra5 58. Rb1 a2 59. Ra1
Ke5 60. Ke3 Ra3+ 61. Kd2 Kd4 62. Kc2 Kxc4 63. Kb2 Ra8 64. Rc1+ Kd3 65. Ka1 Ke3
66. Rg1 Kf4 67. Rf1+ Ke5 68. Re1+ Kf5 69. Rf1+ Ke4 70. Rg1 Ra5 71. Re1+ Kf3 72.
Re8 g4 73. Rf8+ Kg2 74. Rg8 g3 75. Rg7 Ra3 76. Rg8 Kf2 77. Rf8+ Rf3 0-1

[Event "SR 1. liga zapad 2015/2016"]
[Site "?"]
[Date "2015.10.24"]
[Round "1.5"]
[White "Bednar, Jan"]
[Black "Lukac, Roman"]
[Result "1-0"]
[WhiteElo "2129"]
[BlackElo "2084"]
[PlyCount "119"]
[EventDate "2015.??.??"]

1. d4 Nf6 2. c4 g6 3. Nc3 Bg7 4. e4 d6 5. f3 O-O 6. Be3 e5 7. Nge2 Nc6 8. d5
Ne7 9. Qd2 Nd7 10. O-O-O f5 11. Kb1 b6 12. Nc1 a5 13. Bd3 Nc5 14. Bc2 Bd7 15.
Nd3 Rf7 16. h4 Nxd3 17. Qxd3 f4 18. Bf2 h6 19. Rdf1 Kh8 20. g3 Ng8 21. gxf4
exf4 22. Rfg1 Ne7 23. Ne2 Qf8 24. Bd4 Bxd4 25. Qxd4+ Qg7 26. Qd2 Qe5 27. Nd4
Rg7 28. Bd1 Ng8 29. Rh2 Nf6 30. Be2 a4 31. a3 Kh7 32. Bf1 Ra5 33. Bh3 Rc5 34.
Bxd7 Rxd7 35. Ne6 Rxc4 36. Nf8+ Kg7 37. Nxd7 Nxd7 38. Rhg2 Nf8 39. Rc1 Rc5 40.
Rxc5 dxc5 41. Qd3 Qf6 42. Rh2 Nd7 43. Qb5 Ne5 44. Qxa4 Nxf3 45. Qd7+ Kg8 46.
Qc8+ Kg7 47. Qxc7+ Kg8 48. Rf2 Qd4 49. Qd8+ Kf7 50. Qd7+ Kf8 51. Qd6+ Kg7 52.
Qe7+ Kh8 53. Rxf3 Qd1+ 54. Ka2 Qxf3 55. Qf8+ Kh7 56. Qf7+ Kh8 57. d6 Qd3 58. d7
c4 59. Qf8+ Kh7 60. Qe7+ 1-0

[Event "SR 1. liga zapad 2015/2016"]
[Site "?"]
[Date "2015.10.24"]
[Round "1.5"]
[White "Nicolini, Alexander"]
[Black "Polacik, Igor"]
[Result "1/2-1/2"]
[WhiteElo "2142"]
[BlackElo "2125"]
[PlyCount "96"]
[EventDate "2015.??.??"]

1. e4 e5 2. Nf3 Nc6 3. d4 exd4 4. Nxd4 Nf6 5. Nc3 Bb4 6. Nxc6 bxc6 7. Bd3 d5 8.
e5 Ng4 9. O-O O-O 10. Bf4 f6 11. exf6 Qxf6 12. Bxc7 Bc5 13. Bg3 Nxf2 14. Bxf2
Bxf2+ 15. Kh1 Qh4 16. Qd2 Bg4 17. Ne2 Rae8 18. Ng1 Bg3 19. h3 Bf2 20. b3 Re5
21. Qb4 Rh5 22. Qd6 Rh6 23. Qe5 Rhf6 24. a4 Bc8 25. Rad1 Bg3 26. Qe2 Bf4 27.
Qf2 Qg5 28. Nf3 Qh6 29. Qh4 Qxh4 30. Nxh4 g5 31. Nf3 g4 32. Ng1 Rh6 33. Ne2 Bd6
34. Rxf8+ Bxf8 35. Ng1 Bc5 36. Re1 Kf8 37. Re5 Bxg1 38. Kxg1 gxh3 39. gxh3 Bxh3
40. b4 Kf7 41. Kf2 Be6 42. b5 cxb5 43. axb5 Ke7 44. Re1 Kd6 45. Ra1 Rf6+ 46.
Ke3 Rf7 47. Kd4 Rf4+ 48. Ke3 Rf7 1/2-1/2

[Event "SR 1. liga zapad 2015/2016"]
[Site "?"]
[Date "2015.10.24"]
[Round "1.5"]
[White "Krajnak, Robert"]
[Black "Stetina, Erik"]
[Result "0-1"]
[WhiteElo "2073"]
[BlackElo "2018"]
[PlyCount "82"]
[EventDate "2015.??.??"]

1. c4 Nf6 2. Nc3 e6 3. e4 d5 4. e5 d4 5. exf6 dxc3 6. bxc3 Qxf6 7. d4 b6 8. Nf3
h6 9. Be2 Bd6 10. O-O O-O 11. Qd3 Nd7 12. Qe4 Rb8 13. Bd3 g6 14. Bxh6 Re8 15.
Rae1 Bb7 16. Qg4 Qh8 17. Bf4 Nf6 18. Qg5 Bxf3 19. gxf3 Bxf4 20. Qxf4 Nh5 21.
Qxc7 Qf6 22. Qe5 Kg7 23. Qxf6+ Kxf6 24. Re4 g5 25. Rfe1 Nf4 26. Bf1 Rh8 27. c5
bxc5 28. dxc5 Rh4 29. c6 Rc8 30. Bb5 Rch8 31. c7 Rxh2 32. Rxf4+ gxf4 33. Kf1
Rh1+ 34. Ke2 Rxe1+ 35. Kxe1 Rc8 36. Kd2 Ke5 37. a4 Rxc7 38. a5 Rc5 39. c4 Kd4
40. Kc2 a6 41. Bxa6 Rxa5 0-1

[Event "SR 1. liga zapad 2015/2016"]
[Site "?"]
[Date "2015.10.24"]
[Round "1.5"]
[White "Kolenak, Matus"]
[Black "Nemsak, Denis"]
[Result "0-1"]
[WhiteElo "1992"]
[BlackElo "2051"]
[PlyCount "90"]
[EventDate "2015.??.??"]

1. d4 f5 2. c4 Nf6 3. Nc3 d6 4. g3 g6 5. Bg2 Bg7 6. Nf3 O-O 7. O-O Qe8 8. d5 a5
9. Nd4 Na6 10. Bg5 Bd7 11. Qd2 Nc5 12. Bh6 Bxh6 13. Qxh6 c6 14. Rad1 a4 15. h3
Rc8 16. Rfe1 Qf7 17. Nf3 Nfe4 18. Ng5 Nxg5 19. Qxg5 Kg7 20. Qd2 f4 21. Qd4+ Kg8
22. e4 e5 23. dxe6 Bxe6 24. Qxd6 fxg3 25. Qxg3 Bxc4 26. Rd2 Bxa2 27. Nxa2 Qxa2
28. Qe5 b6 29. Bf1 Qf7 30. Rc1 Rce8 31. Qd4 Qf6 32. Qxf6 Rxf6 33. Re1 Rxe4 34.
Rxe4 Nxe4 35. Rd8+ Kg7 36. Rd7+ Kh6 37. Rd4 Nc5 38. f4 b5 39. Bg2 Kg7 40. Kh2
Kf7 41. Kg3 Ke7 42. Bf3 Rd6 43. Rb4 Kd7 44. Kg4 Nd3 45. Re4 Nf2+ 0-1

[Event "SR 1. liga zapad 2015/2016"]
[Site "?"]
[Date "2015.10.24"]
[Round "1.6"]
[White "Maslik, Miroslav"]
[Black "Gasa, Andrej"]
[Result "1/2-1/2"]
[WhiteElo "2333"]
[BlackElo "2327"]
[PlyCount "53"]
[EventDate "2015.??.??"]

1. d4 d5 2. c4 e6 3. Nc3 Nf6 4. Bg5 Be7 5. e3 Nbd7 6. cxd5 exd5 7. Bd3 O-O 8.
Nge2 Re8 9. O-O c6 10. f3 Nf8 11. Qd2 Be6 12. Rad1 a6 13. Bc2 h6 14. Bh4 Rc8
15. Bf2 Bd6 16. Bg3 Bxg3 17. Nxg3 Rc7 18. Rfe1 Rce7 19. b4 h5 20. Na4 Bc8 21.
Nf5 Bxf5 22. Bxf5 g6 23. Bd3 Kg7 24. h4 Qd6 25. Nc5 Ne6 26. Qf2 a5 27. a3
1/2-1/2

[Event "SR 1. liga zapad 2015/2016"]
[Site "?"]
[Date "2015.10.24"]
[Round "1.6"]
[White "Cajka, Tibor"]
[Black "Balogh, Tomas"]
[Result "0-1"]
[WhiteElo "2135"]
[BlackElo "2344"]
[PlyCount "68"]
[EventDate "2015.??.??"]

1. e4 g6 2. d4 Bg7 3. Nc3 d6 4. Be3 a6 5. a4 c6 6. Bc4 Nf6 7. f3 d5 8. Be2 dxe4
9. fxe4 O-O 10. Bf3 e5 11. d5 cxd5 12. exd5 Re8 13. Qd2 Nbd7 14. O-O-O b5 15.
d6 e4 16. Be2 Qa5 17. b3 Bb7 18. Kb1 Ng4 19. Bxg4 Bxc3 20. Bxd7 Bxd2 21. Bxd2
Qb6 22. Bxe8 Qxd6 23. Bxf7+ Kxf7 24. Nh3 Rd8 25. Rdf1+ Kg8 26. Ba5 Rf8 27. Rd1
Qe5 28. Bb4 Re8 29. Nf2 e3 30. Nd3 Qe4 31. h4 bxa4 32. h5 axb3 33. hxg6 bxc2+
34. Kxc2 Qxg2+ 0-1

[Event "SR 1. liga zapad 2015/2016"]
[Site "?"]
[Date "2015.10.24"]
[Round "1.6"]
[White "Macko, Miroslav"]
[Black "Jozefek, Michal"]
[Result "1-0"]
[WhiteElo "2168"]
[BlackElo "2220"]
[PlyCount "79"]
[EventDate "2015.??.??"]

1. d4 Nf6 2. c4 e6 3. Nf3 b6 4. a3 Bb7 5. Nc3 Be7 6. d5 d6 7. e4 a5 8. Bd3 Nbd7
9. O-O Nc5 10. Bc2 e5 11. Be3 Ng4 12. Bd2 h6 13. b4 Nd7 14. Qe2 Nf8 15. Ba4+
Nd7 16. Bc6 Bxc6 17. dxc6 Nf8 18. Nd5 Ne6 19. Nd4 Nxd4 20. Qxg4 Bf6 21. f4 exf4
22. h4 Bxh4 23. Nxf4 Bg5 24. Bc3 Nxc6 25. Nh5 Rg8 26. Nxg7+ Rxg7 27. Bxg7 axb4
28. Qf3 f6 29. Qh5+ Kd7 30. Qg4+ Ke8 31. Qe6+ Qe7 32. Qg8+ Kd7 33. Qxa8 Be3+
34. Kh1 Qxg7 35. axb4 Nd4 36. Qd5 Qg4 37. Qf7+ Kc6 38. Qd5+ Kd7 39. Qf7+ Kc6
40. Qe8+ 1-0

[Event "SR 1. liga zapad 2015/2016"]
[Site "?"]
[Date "2015.10.24"]
[Round "1.6"]
[White "Karas, Marek"]
[Black "Slacky, Stanislav"]
[Result "1/2-1/2"]
[WhiteElo "2280"]
[BlackElo "2204"]
[PlyCount "113"]
[EventDate "2015.??.??"]

1. c4 Nc6 2. Nc3 Nf6 3. Nf3 d6 4. g3 g6 5. Bg2 Bg7 6. O-O e5 7. d3 O-O 8. Rb1
Bf5 9. b4 Qd7 10. b5 Nd4 11. Ne1 Bh3 12. e3 Bxg2 13. Kxg2 Ne6 14. e4 Nh5 15.
Be3 f5 16. exf5 Rxf5 17. Nd5 c6 18. bxc6 bxc6 19. Qa4 Nhf4+ 20. Bxf4 exf4 21.
Nf3 Rc8 22. Nb4 Rh5 23. Qd1 Nd4 24. h4 Rf8 25. Nxd4 Bxd4 26. Qf3 fxg3 27. Qxc6
Qg4 28. Qe4 Rf4 29. Qe8+ Kg7 30. fxg3 Re5 31. Rxf4 Qe2+ 32. Kh3 Rxe8 33. Rxd4
Re3 34. Nd5 h5 35. Nxe3 Qxe3 36. Rxd6 Qf3 37. Rg1 Qg4+ 38. Kh2 a5 39. Rd5 a4
40. Rg2 Qf3 41. Rd7+ Kf6 42. c5 g5 43. hxg5+ Kxg5 44. Rd4 a3 45. Rc2 Qc6 46.
Rdc4 Kf5 47. Re2 Qc7 48. Rf4+ Kg5 49. d4 Qb7 50. Ref2 h4 51. gxh4+ Kg6 52. Rf6+
Kh5 53. R6f5+ Kh6 54. d5 Qe7 55. Rf6+ Kh5 56. Kh3 Qxf6 57. Rxf6 1/2-1/2

[Event "SR 1. liga zapad 2015/2016"]
[Site "?"]
[Date "2015.10.24"]
[Round "1.6"]
[White "Dujava, Daniel"]
[Black "Jablonicky, Martin"]
[Result "1/2-1/2"]
[WhiteElo "2121"]
[BlackElo "2193"]
[PlyCount "146"]
[EventDate "2015.??.??"]

1. e4 Nc6 2. Nf3 e5 3. Bb5 Nf6 4. d3 d6 5. O-O Be7 6. c3 O-O 7. Re1 a6 8. Bxc6
bxc6 9. d4 exd4 10. cxd4 Bb7 11. Nc3 Nd7 12. Bf4 c5 13. d5 f6 14. Nh4 Bc8 15.
Bg3 g6 16. f4 f5 17. Nf3 fxe4 18. Nxe4 Nf6 19. Neg5 Nh5 20. Qd2 Rb8 21. Qe3 Bf6
22. Ne6 Bxe6 23. Qxe6+ Kg7 24. Qe2 Rxb2 25. Qxa6 Nxg3 26. hxg3 Rb6 27. Qd3 Bxa1
28. Rxa1 Re8 29. Ng5 Qf6 30. Rd1 Qd4+ 31. Qxd4+ cxd4 32. Rxd4 Re2 33. Rc4 Rb1+
34. Kh2 Rb7 35. a4 Ra2 36. Ne6+ Kf6 37. g4 Ra7 38. Nxc7 R2xa4 39. Rc6 Rxc7 40.
Rxc7 Rxf4 41. Kg3 Rd4 42. Rxh7 Kg5 43. Rd7 Rxd5 44. Kf3 Rd4 45. Rd8 Rf4+ 46.
Kg3 Rxg4+ 47. Kf3 Rf4+ 48. Kg3 Rf6 49. Ra8 Kf5 50. Kf3 Ke5+ 51. Ke3 d5 52. Re8+
Re6 53. Rd8 Re7 54. Kd3 g5 55. Rf8 Ra7 56. g4 Ra3+ 57. Kd2 Ke4 58. Rf5 Ra4 59.
Kd1 d4 60. Rxg5 Kd3 61. Kc1 Ra1+ 62. Kb2 Rg1 63. Rh5 Rg2+ 64. Kc1 Rg1+ 65. Kb2
Kd2 66. g5 Rg2 67. g6 d3 68. g7 Kd1+ 69. Kc3 d2 70. Rh1+ Ke2 71. Kc2 Rxg7 72.
Rh2+ Ke1 73. Rh1+ Ke2 1/2-1/2